00381nam a2200145Ia 4500008004100000040001900041041001200060082002300072100001900095245003300114260003400147300002100181650002300202850001000225131103s9999 xx 000 0 und d aLoreto College aEnglish aF/MACbLCLIB/21026 aMacdonald,Ross 4aThe DomsterscRoss Macdonald aLondonbFontana/Collinsc1958 a191 p. c 18 cm. aFiction in English aLCLIB